000 00319nam a2200121Ia 4500
008 190723s9999 xx 000 0 und d
020 _a978-969-407-373-6
100 _aMusa Khan Jalalzai
245 0 _aCivil War and the Partition of Afghanistan
260 _aKarachi
_bRoyal Book
_c2009
300 _a413
942 _cBK
999 _c1267
_d1267